000 00401nam a22001457a 4500
999 _c12199
_d12199
008 210121b ||||| |||| 00| 0 eng d
082 0 0 _a629.83
_bS5568
100 _94253
_aShinners, Stanley M.
245 1 0 _aControl system design
_cBy Stanley M. Shinners
260 _aNew-York
_bJohn -Wiley
_c1964
300 _axiv,523 p.
365 _d45.00
650 0 _aFeedback control systems
942 _cBK